<?xml version="1.0" encoding="UTF-8"?>
<marc:record xmlns:marc="http://www.loc.gov/MARC21/slim">
   <marc:leader>00000nam a2200000 a 4500</marc:leader>
   <marc:datafield ind1="1" ind2=" " tag="100">
      <marc:subfield code="a">Behrs, Beth</marc:subfield>
   </marc:datafield>
   <marc:datafield ind1="1" ind2=" " tag="100">
      <marc:subfield code="a">Greenfield, Max</marc:subfield>
   </marc:datafield>
   <marc:datafield ind1="1" ind2=" " tag="100">
      <marc:subfield code="a">Field, Sally</marc:subfield>
   </marc:datafield>
   <marc:datafield ind1="1" ind2=" " tag="100">
      <marc:subfield code="a">Showalter, Michael</marc:subfield>
   </marc:datafield>
   <marc:datafield ind1="1" ind2=" " tag="100">
      <marc:subfield code="a">Terruso, Laura</marc:subfield>
   </marc:datafield>
   <marc:datafield ind1="0" ind2="0" tag="245">
      <marc:subfield code="a">Hello, my name is Doris [Bildtonträger]</marc:subfield>
   </marc:datafield>
   <marc:datafield ind1="0" ind2="0" tag="245">
      <marc:subfield code="c">Laura Terruso. Darsteller: Sally Field, Max Greenfield, Beth Behrs. Regie: Michael Showalter</marc:subfield>
   </marc:datafield>
   <marc:datafield ind1=" " ind2="1" tag="264">
      <marc:subfield code="b">Columbia Pictures Industries</marc:subfield>
      <marc:subfield code="c">2016</marc:subfield>
   </marc:datafield>
   <marc:datafield ind1="1" ind2=" " tag="520">
      <marc:subfield code="a">Die unscheinbare Doris besucht ein Motivations-Seminar, um endlich mit mehr Selbstbewusstsein durchs Leben zu gehen. Das braucht sie ganz besonders im Umgang mit ihrem jüngeren Kollegen John, in den sie sich verliebt hat. Beflügelt vom Selbsthilfeguru, beschließt Doris der Liebe eine Chance zu geben. Als sie endlich Mut fasst, John ihre Gefühle zu gestehen, nimmt die Geschichte eine erstaunliche Wendung. HELLO MY NAME IS DORIS ist eine geistreiche und feinfühlige Komödie über eine SixtySomething, die lernt, dass nichts unmöglich ist.</marc:subfield>
   </marc:datafield>
   <marc:datafield ind1=" " ind2=" " tag="020">
      <marc:subfield code="a">4030521744479</marc:subfield>
      <marc:subfield code="9">4030521744479</marc:subfield>
   </marc:datafield>
   <marc:datafield ind1=" " ind2=" " tag="500">
      <marc:subfield code="a">Deutsch, Englisch. FSK ab 6 Jahren</marc:subfield>
   </marc:datafield>
   <marc:datafield ind1="0" ind2=" " tag="490">
      <marc:subfield code="v">0</marc:subfield>
   </marc:datafield>
   <marc:datafield ind1=" " ind2=" " tag="300">
      <marc:subfield code="a">1 DVD (86 Min., Ländercode 2): farbig</marc:subfield>
   </marc:datafield>
</marc:record>
